Triết lý trong văn hóa Phương Đông

保存先:
書誌詳細
第一著者: Nguyễn, Hùng Hậu
フォーマット: 図書
言語:Undetermined
出版事項: Hải Phòng Đại học sư phạm 2004
主題:
タグ: タグ追加
タグなし, このレコードへの初めてのタグを付けませんか!
Thư viện lưu trữ: Trung tâm Học liệu Trường Đại học Cần Thơ
LEADER 00598nam a2200193Ia 4500
001 CTU_99503
008 210402s9999 xx 000 0 und d
020 |c 42000 
082 |a 959 
082 |b H125 
100 |a Nguyễn, Hùng Hậu 
245 0 |a Triết lý trong văn hóa Phương Đông 
245 0 |c Nguyễn Hùng Hậu 
260 |a Hải Phòng 
260 |b Đại học sư phạm 
260 |c 2004 
650 |a Civilization, oriental,Oriental literature,Philosophy, oriental 
904 |i Tuyến 
980 |a Trung tâm Học liệu Trường Đại học Cần Thơ